000 00825nam a2200193 i 4500
001 19062
003 ES-MaACL
005 20230906152005.0
007 t|
008 020531s1978 sp ||||1| spa d
080 _a023.4/5
100 1 _aBarberi, Josef.
_925427
245 1 0 _aReflexiones sobre la biblioteca de la Universidad de Mallorca en respuesta á los que creen que para regentar el empleo bibliotecario no se necesita más que saber leer y estar sentados /
_c[Josef Barberi].
260 _a[Ciutat de Mallorca :
_bBiblioteca Bartomeu March,
_c1978]
300 _a22 p. ;
_c18 cm.
500 _aOpúsculo extraido de Misceláneas históricas t. I del P. Lluís de Vilafranca, fué escrito a finales de 1804.
650 1 4 _aBibliotecarios-
_xFormación profesional.
_910528
852 _aES-MaACL
_j2162-F-16
_bR.110872
999 _c19062
_d19062